00481nam a22001097a 4500008004100000020001800041050002100059100002000080245020800100260003200308300003100340250117b |||||||| |||| 00| 0 eng d a9798376161821 aQA76.73b.P98R63 aRobbins, Philip aPython programming for beginners :bThe completeguide to mastering python in 7 days with hands- on exercises- top secret coding tips to get an unfair advantage and land your dream job /bycPhilip Robbins aGreat BritainbAmazonc2023 a122p.bIncludes References